000 00545cam a2200229 4500
001 J64548
008 000000n2001 000 0 eng u
035 _a(Sirsi) u113006
050 _a333.337
110 _aDTZ Research
_93886
245 _aRORe UK regional offices research
260 _aLondon
_bDTZ
_c2001
300 _a24p. ; 30cm.
650 _aOFFICES
650 _aOFFICE SPACE
650 _aRENTS
650 _aINVESTMENT
650 _aYIELDS
650 _aTAKE-UP
690 _aPROPERTY-COMMERCIAL PROPERTY
942 _n0
999 _c101499
_d101499